000 00712nam a2200169Ia 4500
008 090711s9999 xx 000 0 und d
082 _b54610
100 _aसाठवणे पां. आ.
245 _aआय्ूार्वेदि भस्मे व त्यांSाा औषधी उपयोग
260 _c1982
300 _a28
600 _aसाठवणे पां. आ.
630 _aआय्ूार्वेदि भस्मे व त्यांSाा औषधी उपयोग
700 _aसाठवणे पां. आ.
730 _aआय्ूार्वेदि भस्मे व त्यांSाा औषधी उपयोग
942 _cBOOK
999 _c310464
_d310464